Towards a doubtful strait / (Record no. 1205)

MARC details
000 -LEADER
campo de control de longitud fija 00771nam a22002297a 4500
008 - DATOS DE LONGITUD FIJA--INFORMACIÓN GENERAL
campo de control de longitud fija 170621s2015 cr||||| |||| 00| 0 eng d
082 04 - NÚMERO DE LA CLASIFICACIÓN DECIMAL DEWEY
Número de clasificación 706
Número de ítem P438t
100 1# - ENTRADA PRINCIPAL--NOMBRE DE PERSONA
Nombre de persona Pérez-Ratton, Virginia.
9 (RLIN) 580
245 10 - MENCIÓN DEL TÍTULO
Título Towards a doubtful strait /
Mención de responsabilidad, etc. Virginia Pérez-Ratton ; entrevista por TEOR/éTica.
250 ## - MENCION DE EDICION
Mención de edición 1a ed.
260 ## - PUBLICACIÓN, DISTRIBUCIÓN, ETC.
Lugar de publicación, distribución, etc. San José, Costa Rica :
Nombre del editor, distribuidor, etc. Second Culture Press,
Fecha de publicación, distribución, etc. 2015.
300 ## - DESCRIPCIÓN FÍSICA
Extensión 60 páginas :
Otras características físicas ilustraciones.
440 #0 - MENCIÓN DE SERIE/PUNTO DE ACCESO ADICIONAL--TÍTULO
Título Burn down after reading
9 (RLIN) 5827
653 10 - TÉRMINO DE INDIZACIÓN--NO CONTROLADO
Término no controlado Arte contemporáneo
653 10 - TÉRMINO DE INDIZACIÓN--NO CONTROLADO
Término no controlado Arte Latinoamericano
653 10 - TÉRMINO DE INDIZACIÓN--NO CONTROLADO
Término no controlado Arte - Costa Rica
653 10 - TÉRMINO DE INDIZACIÓN--NO CONTROLADO
Término no controlado Prácticas artísticas contemporáneas
653 10 - TÉRMINO DE INDIZACIÓN--NO CONTROLADO
Término no controlado Ensayos
653 10 - TÉRMINO DE INDIZACIÓN--NO CONTROLADO
Término no controlado Arte - Investigación
653 10 - TÉRMINO DE INDIZACIÓN--NO CONTROLADO
Término no controlado Arte - Crítica y apreciación
710 1# - ENTRADA AGREGADA--NOMBRE DE ENTIDAD CORPORATIVA
Nombre de entidad corporativa o nombre de jurisdicción como elemento de entrada TEOR/éTica.
9 (RLIN) 5471
Holdings
Estatus retirado Estado de pérdida Fuente del sistema de clasificación o colocación Estado de daño No para préstamo Biblioteca de origen Biblioteca actual Ubicación en estantería Fecha de adquisición Total de préstamos Signatura topográfica completa Código de barras Visto por última vez Precio de reemplazo Tipo de ítem Koha
    Clasificación Decimal Dewey     Biblioteca LadoV Biblioteca LadoV   22/06/2017   706 P438t 004333 22/06/2017 22/06/2017 Material 01